Catálogo
 En Linea

Informe estadístico anual 2003/. (Registro nro. 25472)

Detalles MARC
000 -CABECERA
campo de control de longitud fija 00726nam a2200193 a 4500
001 - NÚMERO DE CONTROL
campo de control 000025980
005 - FECHA Y HORA DE LA ÚLTIMA TRANSACCIÓN
campo de control 20200930024212.0
008 - DATOS DE LONGITUD FIJA--INFORMACIÓN GENERAL
campo de control de longitud fija 110225s2003 dr acd 000 0 spa d
040 ## - FUENTE DE LA CATALOGACIÓN
Centro catalogador/agencia de origen DO-SdBNP
Lengua de catalogación spa
Centro/agencia transcriptor BNPHU
082 ## - NÚMERO DE LA CLASIFICACIÓN DECIMAL DEWEY
Número de clasificación 354.49
Número de documento/Ítem R426i
049 ## - FONDOS LOCALES (OCLC)
Fondos de biblioteca BNPD
110 1# - ENTRADA PRINCIPAL--NOMBRE DE ENTIDAD CORPORATIVA
Nombre de entidad corporativa o nombre de jurisdicción como elemento de entrada República dominicana
Unidad subordinada Corporación Dominicana de Empresas Eléctricas Estatales
9 (RLIN) 52878
245 10 - MENCIÓN DE TÍTULO
Título Informe estadístico anual 2003/.
246 14 - FORMA VARIANTE DE TÍTULO
Título propio/Titulo breve Informe estadístico anual 2003
260 ## - PUBLICACIÓN, DISTRIBUCIÓN, ETC.
Lugar de publicación, distribución, etc. Santo Domingo :
Nombre del editor, distribuidor, etc. Departamento de Estadística,
Fecha de publicación, distribución, etc. [2003].
300 ## - DESCRIPCIÓN FÍSICA
Extensión 109 p. :
Otras características físicas il., gráf., retrs. ;
Dimensiones 29 cm.
650 #4 - PUNTO DE ACCESO ADICIONAL DE MATERIA--TÉRMINO DE MATERIA
Término de materia o nombre geográfico como elemento de entrada Empresas eléctricas
Subdivisión geográfica República Dominicana
9 (RLIN) 7935
650 #4 - PUNTO DE ACCESO ADICIONAL DE MATERIA--TÉRMINO DE MATERIA
Término de materia o nombre geográfico como elemento de entrada Distribución de energía eléctrica
Subdivisión geográfica República Dominicana
9 (RLIN) 52879
Existencias
Estado de retiro Estado de pérdida No para préstamo Código de colección Localización permanente Ubicación/localización actual Ubicación en estantería Fecha de adquisición Número de inventario Total de préstamos Signatura topográfica completa Código de barras Fecha visto por última vez Precio válido a partir de Tipo de ítem Koha
      Patrimonio Dominicano Patrimonio Dominicano Patrimonio Dominicano Orden iniciada 25.02.2011 LF1   354.49 R426i 25980-10 25.06.2020 25.06.2020 Libro y Folleto Colección Patrimonio Dominicano

Con tecnología Koha